000 00436nam a2200133Ia 4500
008 191206s9999 xx 000 0 und d
020 _a908307519
090 _a5616Z55P735
245 0 _apractice of smallholder irrigation: case studies from Zimbabwe
260 _aUniversity of Zimbabwe Publications
260 _cc1996
300 _a"xii, 235 p. : ill., maps ; 21 cm."
999 _c16729
_d16729